El desdén con el desdén
Wedi'i Gadw mewn:
| Prif Awdur: | |
|---|---|
| Fformat: | Llyfr |
| Iaith: | Sbaeneg |
| Cyhoeddwyd: |
Santiago
Zig-Zag
1956
|
| Cyfres: | Biblioteca Zig-Zag
|
| Pynciau: | |
| Tagiau: |
Ychwanegu Tag
Dim Tagiau, Byddwch y cyntaf i dagio'r cofnod hwn!
|
MARC
| LEADER | 00000nam a2200000 a 4500 | ||
|---|---|---|---|
| 001 | UCZ0022 | ||
| 003 | CL-VaPUC | ||
| 008 | 950724e19560000CL |||||||||||||||||spa|d | ||
| 082 | 0 | 4 | |a 862 |b MOR |2 21 |
| 100 | |a Moreto y Cabaña, Agustín |e autor |9 321560 | ||
| 245 | 1 | 3 | |a El desdén con el desdén |
| 246 | 1 | 3 | |a El lindo don Diego |
| 300 | |a 299 p | ||
| 942 | |c BK | ||
| 945 | |d 19950724 00:00:00 |a cmena | ||
| 260 | |a Santiago |b Zig-Zag |c 1956 | ||
| 650 | 0 | |a Dramas españoles |9 267081 | |
| 650 | 7 | |a COMEDIAS ESPAÑOLAS |2 CL-VaPUC |9 342590 | |
| 650 | 0 | |a Literatura española |9 306261 | |
| 583 | |a last modification |c 20160617 12:04:41 |k Rodrigo Vera | ||
| 490 | 0 | |a Biblioteca Zig-Zag | |
| 999 | |c 237001 |d 236999 | ||
| 952 | |0 0 |1 0 |4 0 |6 862_000000000000000_MOR_1956 |7 0 |8 A |9 245628 |a BIBEDU |b BIBEDU |d 2019-11-18 |i 1540610 |o 862 MOR 1956 |p 1540610 |r 2019-11-18 |w 2019-11-18 |y BK |k EDU | ||
| 952 | |0 0 |1 0 |4 0 |6 862_000000000000000_MOR_1956 |7 0 |8 A |9 245629 |a BIBEDU |b BIBEDU |d 2019-11-18 |i 143621K |o 862 MOR 1956 |p 143621K |r 2019-11-18 |w 2019-11-18 |y BK |k LIT | ||
| 952 | |0 0 |1 0 |4 0 |6 862_000000000000000_MOR_1956 |7 0 |8 A |9 245630 |a BIBEDU |b BIBEDU |d 2019-11-18 |i 1450662 |o 862 MOR 1956 |p 1450662 |r 2019-11-18 |w 2019-11-18 |y BK |k LIT | ||